Australian geography by letter: H - Statistics

General Stats
  • This quiz has been taken 32 times
  • The average score is 5 of 15
Answer Stats
Hint Answer % Correct
City named after the British Secretary of State for war and the colonies Hobart
87%
Victor, Sydney or Coffs Harbour
63%
Largest inhabited island in the Whitsundays Hamilton
53%
Mountain and ski resort in Victoria; also the early name for North Melbourne Hotham
50%
Town northeast of Melbourne famous for its native animal sanctuary Healesville
37%
Named for its shape, this bay is the northernmost suburb on Magnetic Island Horseshoe
37%
Victorian town known for its mineral water spas and Swiss Italian heritage Hepburn Springs
33%
Provincial town on the Murrumbidgee River, in the NSW Riverina district Hay
30%
Town in the Grampians National Park, Victoria Hall's Gap
27%
Aboriginal community founded as a Lutheran mission and famous for its painters and potters Hermannsburg
17%
Australia's largest island national park Hinchinbrook
17%
Small town south of Darwin, and home of the Big Boxing Crocodile Humpty Doo
17%
Artificial island in Melbourne's Yarra river that used to be a scout camp and is now a sculpture park Herring Island
7%
Called Pulu Selma by the locals, this is the most populated island in the Cocos (Keeling) Islands Home Island
7%
The city of Townsville lies on this bay Halifax
3%
No matching quizzes found
Score Distribution
Percent of People with Each Score
Percentile by Number Answered
Your Score History
You have not taken this quiz